000 00293nam a2200121Ia 4500
008 190216s9999||||xx |||||||||||||| ||und||
100 _aGeorge N Halm
245 0 _aEconomic Systems A Comparative Analysis
260 _bS Chand & Co
_c1967
300 _a404p
650 _aEconomics
942 _cBK
999 _c9219
_d9219